00989nam a22002417a 4500999001700000003000900017008004100026020001800067040007100085082001500156100001800171245005300189260008200242300003600324440003500360505013800395650002700533650002500560650003100585942001600616945002000632952009500652 c17059d17059AR-CdUCM190507b ||||| |||| 00| 0 spa d a968-29-1705-0 aMUNICIPALIDAD PROVINCIAL DEL CUSCOcBIBLIOTECA MUNICIPAL DEL CUSCO a536 /bC29 aCarnot, Sadi. aReflexiones sobre la potencia motriz del fuego / aMéxico D.F. :bTalleres gráficos Instituto Politécnico Nacional,c1987. a165 paginas ;bCuadros,c18 cm. aSerie Ciencia y Tecnica936880 aContenido : Los inicios de la termodinámica -- Reflexiones sobre la potencia motriz del fuego -- Esbozo biográfico de Sadi Carnot aTermodinámica919746 aTransmisión930317 aMáquinas de vapor919731 2ddccLIBROS awntsd2019-05-7 002ddc4070aSCbSCcCARTd2019-05-07g50.00o536 / C29pSC0000001436r2019-05-07yLIBROS